<?xml version="1.0" encoding="UTF-8"?>
<record
    xmlns:xsi="http://www.w3.org/2001/XMLSchema-instance"
    xsi:schemaLocation="http://www.loc.gov/MARC21/slim http://www.loc.gov/standards/marcxml/schema/MARC21slim.xsd"
    xmlns="http://www.loc.gov/MARC21/slim">

  <leader>00624nam a22001817a 4500</leader>
  <controlfield tag="003">UA-OsUOA</controlfield>
  <controlfield tag="001"> 18472 </controlfield>
  <controlfield tag="007">ta</controlfield>
  <controlfield tag="008">20040518b un ||||| |||| 00| 0 ukr d</controlfield>
  <datafield tag="100" ind1=" " ind2=" ">
    <subfield code="a">&#x420;&#x43E;&#x437;&#x435;&#x43D;&#x43A;&#x43E; &#x41C;.</subfield>
  </datafield>
  <datafield tag="942" ind1=" " ind2=" ">
    <subfield code="c">SA</subfield>
  </datafield>
  <datafield tag="040" ind1=" " ind2=" ">
    <subfield code="a">UA-OsUOA</subfield>
    <subfield code="c">UA-OsUOA</subfield>
    <subfield code="d">UA-OsUOA</subfield>
  </datafield>
  <datafield tag="245" ind1=" " ind2=" ">
    <subfield code="a">&#x41D;&#x435;&#x432;&#x442;&#x43E;&#x43C;&#x43D;&#x438;&#x439; &#x41C;&#x430;&#x440;&#x443;&#x449;&#x430;&#x43A;</subfield>
    <subfield code="b">[&#x417;&#x430;&#x441;&#x43B;. &#x430;&#x43D;&#x441;&#x430;&#x43C;&#x431;&#x43B;&#x44E; &#x442;&#x430;&#x43D;&#x446;&#x44E; &#x423;&#x43A;&#x440;&#x430;&#x457;&#x43D;&#x438; "&#x41F;&#x43E;&#x43B;&#x456;&#x441;&#x44F;&#x43D;&#x43A;&#x430;"- 45 , &#x430; &#x43A;&#x435;&#x440;&#x443;&#x454; &#x446;&#x438;&#x43C; &#x43A;&#x43E;&#x43B;&#x435;&#x43A;&#x442;&#x438;&#x432;&#x43E;&#x43C; 25 &#x440;. &#x412;.&#x421;.&#x41C;&#x430;&#x440;&#x443;&#x449;&#x430;&#x43A;]</subfield>
  </datafield>
  <datafield tag="300" ind1=" " ind2=" ">
    <subfield code="a">&#x421;.15</subfield>
  </datafield>
  <datafield tag="955" ind1=" " ind2=" ">
    <subfield code="a">0</subfield>
  </datafield>
  <datafield tag="773" ind1="0" ind2=" ">
    <subfield code="w">0</subfield>
    <subfield code="t">&#x41F;&#x430;&#x43D;&#x43E;&#x440;&#x430;&#x43C;&#x430;</subfield>
    <subfield code="d">&#x420;&#x456;&#x432;&#x43D;&#x435;</subfield>
    <subfield code="d">2004</subfield>
    <subfield code="g">&#x2116;19/14 &#x442;&#x440;&#x430;&#x432;./</subfield>
  </datafield>
  <datafield tag="650" ind1=" " ind2="7">
    <subfield code="a">&#x410;&#x43D;&#x441;&#x430;&#x43C;&#x431;&#x43B;&#x456;</subfield>
    <subfield code="2">UDC</subfield>
  </datafield>
  <datafield tag="999" ind1=" " ind2=" ">
    <subfield code="c">304643</subfield>
    <subfield code="d">304643</subfield>
  </datafield>
</record>
